Textbook of environmental studies for undergraduate courses / (Record no. 143834)

MARC details
000 -LEADER
fixed length control field 00642nam a22002057a 4500
005 - DATE AND TIME OF LATEST TRANSACTION
control field 20170825144043.0
010 ## - LCCN (DPL NO)
LC control number ENG-120078
020 ## - INTERNATIONAL STANDARD BOOK NUMBER
Terms of availability 600.00
International Standard Book Number 9789386235138
035 ## - SYSTEM CONTROL NUMBER
System control number EN-103610
037 ## - SOURCE OF ACQUISITION
Source of stock number/acquisition DBAD/PUB
082 ## - DEWEY DECIMAL CLASSIFICATION NUMBER
Classification number 363.70
100 ## - MAIN ENTRY--PERSONAL NAME
Personal name Bharucha, Erach
245 ## - TITLE STATEMENT
Title Textbook of environmental studies for undergraduate courses /
Statement of responsibility, etc by Erach Bharucha
250 ## - EDITION STATEMENT
Edition statement 2nd ed.
260 ## - PUBLICATION, DISTRIBUTION, ETC. (IMPRINT)
Place of publication, distribution, etc Hyderabad
Name of publisher, distributor, etc Universities Press
Date of publication, distribution, etc 2017
270 ## - ADDRESS
Address 3-6-747/1/A & 3-6-754/1, Himayatnagar,
City Hyderabad
Postal code 500029
300 ## - PHYSICAL DESCRIPTION
Extent xvii,214p. :
Dimensions 24cm(pbk)
Other physical details ill.
500 ## - GENERAL NOTE
General note Includes index
942 ## - ADDED ENTRY ELEMENTS (KOHA)
Source of classification or shelving scheme Dewey Decimal Classification
Item type English Books
Classification part 363.70
Call number suffix BHA
Holdings
Withdrawn status Lost status Not for loan Collection code Home library Current library Date acquired Source of acquisition Cost, normal purchase price Full call number Barcode Copy number Cost, replacement price Koha item type
    Not For Loan Non-fiction D.B.Act.Division D.B.Act.Division 25/08/2017 DBAD/PUB 600.00 363.70 BHA EN-103610 1 600.00 English Books

© Delhi Public Library
Hit Counter
free hit counter